2013 Global manufacturing competitiveness index.

Bibliographic Details
Format: Book
Published: [London]: Deloitte Global Services, 2012.
Subjects:
LEADER 00450cam a2200133 7i4500
001 0000030373
005 20131011090000.0
090 0 0 |a I 338   |b GLO 
245 0 0 |a 2013 Global manufacturing competitiveness index. 
260 0 0 |a [London]:   |b Deloitte Global Services,   |c 2012. 
300 # # |a 71 p. 
650 0 0 |a Competition, International --   |x Statistics  
650 0 0 |a Manufacturing industries --   |x Statistics  
999 |a 0000033225  |b Book  |c International  |e Business Information Centre